Statistics for Cambridge Colleges A-Z

Click here to take the quiz!

General Stats

  • This quiz has been taken 27 times
  • The average score is 14 of 17

Answer Stats

LetterCollege% Correct
CChrist's College | Churchill College | Clare College | Clare Hall | Corpus Christi College
96%
KKing's College
96%
QQueens' College
96%
EEmmanuel College
91%
GGirton College | Gonville & Caius College
91%
SSelwyn College | Sidney Sussex College | St Catharine's College | St Edmund's College | St John's college
91%
TTrinity College | Trinity Hall
91%
DDarwin College | Downing College
87%
JJesus College
87%
MMagdalene College | Murray Edwards College
87%
PPembroke College | Peterhouse
87%
FFitzwilliam College
78%
NNewnham College
78%
WWolfson College
70%
HHomerton College | Hughes Hall
65%
RRobinson College
65%
LLucy Cavendish College
61%

Score Distribution

Percentile by Number Answered

Percent of People with Each Score

Your Score History

You have not taken this quiz